Statistics for Random Facts #3

Click here to take the quiz!

General Stats

  • This quiz has been taken 10 times
  • The average score is 7 of 15

Answer Stats

QuestionAnswer% Correct
You can ___ from staying up for two weeks straight.Die
100%
Your ____ bone(s) is(are) a nerve(s).Funny
100%
One strand of hair can hold up to ___ ounces of weight.3
60%
Watching horror movies before viewing ____ will enhance the experience.Abstract Art
60%
Pigeons can't ___.Fart
60%
There was a fifth member of the Beatles, named _____.Stuart Sutcliffe
60%
The salty taste of ___ isn't natural.Bacon
50%
The most widely printed book in the world is ___.IKEA's Catalog
50%
The "‽" symbol has a term. The term is called an _____.Interrobang
40%
There is a city in _____ called Boring.Oregon, United States of America
40%
There are more than 200 flavors of ____ in Japan.Kit Kats
30%
____ has over 400 words to refer to snow.Scotland
30%
A snail has ___ teeth.2500
20%
____ read the most in the world.Indians
20%
_____ was once auctioned on eBay.New Zealand
20%

Score Distribution

Percentile by Number Answered

Percent of People with Each Score

Your Score History

You have not taken this quiz